000 nam a22 7a 4500
999 _c219496
_d219496
003 Nust
005 20170210121827.0
008 170210b xxu||||| |||| 00| 0 eng d
040 _c0
082 _a363.20954912
100 _4Central Police office Peshawar
245 _aKhyber Pakhtunkhwa Police 2014-16 Dispute resolution councils
_bAming for amity
260 _aPeshawar
_bCentral Police Office
_c2016
300 _a103p
942 _2ddc
_cBK